| 000 | 003930000a22001570004500 | ||
|---|---|---|---|
| 003 | LK-CoMWRAF | ||
| 008 | 230817t ||||| |||| 00| 0 eng d | ||
| 020 | _a057034017X | ||
| 040 |
_aLK-CoMWRAF _dLK-CoMWRAF _eLK-CoMWRAF |
||
| 041 | _aeng | ||
| 082 |
_a410 _bALG |
||
| 100 | _aAlgozzine, Bob | ||
| 245 |
_aTeacher's Little Book of Wisdom _b |
||
| 260 |
_bThe Globe Pequot _a _c1995 |
||
| 942 | _cBK | ||
| 999 |
_c1083 _d1083 |
||